| 000 | 01820nam2a2200289 4500 | ||
|---|---|---|---|
| 001 | RU\NLR\BIBL_A\011997185 | ||
| 005 | 20190516105628.0 | ||
| 010 |
_a978-5-9913-0159-6 _950 |
||
| 021 |
_aRU _bКН-П-19-023560 _9КН-П-19-1776 |
||
| 035 | _a(NLR Aleph) 011997185 | ||
| 035 | _a(RuMoRGB)009937657 | ||
| 090 |
_a11388446 _c11388446 |
||
| 100 | _a20190423d2018 u y0rusy50 ca | ||
| 101 | 0 | _arus | |
| 102 | _aRU | ||
| 105 | _aa j 000zy | ||
| 200 | 1 | _aЭлементы комбинаторики | |
| 210 | _d2018 | ||
| 215 |
_a59 с. _cил., табл. |
||
| 313 | _aПеречислительная комбинаторика. | ||
| 320 | _aБиблиогр.: с. 57-58 (18 назв.) | ||
| 461 | 0 |
_1001RU\NLR\BIBL_A\012011128 _12001#$aДискретная математика$eучебное пособие$e[для студентов физико-математических направлений]$fРагимханов В. Р.$gМинобрнауки России, Дагестанский государственный университет$vЧ. 2 _1700#1$aРагимханов$bВ. Р.$gВадим Римиханович _911451737 _aРагимханов, В. Р. _cМахачкала _d2018 _fРагимханов В. Р. _nИзд-во ДГУ _oучебное пособие : [для студентов физико-математических направлений] _tДискретная математика _vЧ. 2 |
|
| 606 | 1 |
_aКомбинаторика _jУчебные издания для высших учебных заведений _xПеречислительные задачи _91335410 _3RU\NLR\AUTH\66555966 |
|
| 942 | _cBOOK | ||
| 980 | _aNB | ||